Oxford handbook of emergency medicine / (رقم التسجيلة. 26143)

تفاصيل مارك
000 -الفاتح
حقل البيانات ثابتة الطول 01318cam a22003737a 4500
001 - رقم الضبط
رقم الضبط 17324290
003 - محدد رقم الضبط
رقم الضبط OSt
005 - وقت وتاريخ اخر تعامل مع التسجيلة
رقم الضبط 20150408114101.0
008 - عناصر البيانات ثابتة الطول - معلومات عامة
حقل البيانات ثابتة الطول 120530s2012 enka bf 001 0 eng
010 ## - رقم ضبط مكتبة الكونجرس
رقم ضبط مكتبة الكونجرس 2012392867
020 ## - الرقم الدولى المعيارى للكتب
الرقم الدولى المعيارى للكتاب 9780199589562 (acidfree paper)
020 ## - الرقم الدولى المعيارى للكتب
الرقم الدولى المعيارى للكتاب 0199589569 (acidfree paper)
040 ## - مصدر الفهرسة
وكالة الفهرسة الأصلية Ma-Un
042 ## - رمز التحقق
رمز التحقق pcc
050 00 - رقم طلب مكتبة الكونجرس
رقم التصنيف RC86.8
رقم المادة .O94 2012
082 ## - رقم تصنيف ديوى العشرى
رقم الطبعة 22
رقم التصنيف 616.025
245 00 - بيان العنوان
العنوان Oxford handbook of emergency medicine /
بيان المسئوليه,etc Jonathan P. Wyatt ... [et al.]. ; with senior international advisors, Michael J. Clancy, Colin E. Robertson.
246 30 - العنوان الموازى
عنوان صحيح/عنوان مختصر Handbook of emergency medicine
246 30 - العنوان الموازى
عنوان صحيح/عنوان مختصر Emergency medicine
250 ## - بيان الطبعة
بيان الطبعة 4th ed.
260 ## - PUBLICATION, DISTRIBUTION, ETC. (IMPRINT)
مكان الناشر او الموزع Oxford ;
-- New York :
اسم الناشر او الموزع Oxford University Press,
تاريخ النشر أو التوزيع 2012.
300 ## - الوصف المادى
التعداد xix, 749 p. :
تفاصيل ماديه اخرى للوعاء ill. ;
أبعاد الوعاء 19 cm.
490 1# - بيان السلسلة
عنوان السلسلة Oxford medical publications
490 1# - بيان السلسلة
عنوان السلسلة Oxford handbooks
504 ## - تبصرة ببليوجرافية
تبصرة ببليوجرافية,الخ Includes bibliographical references and index.
650 #0 - المدخل الاضافى بالموضوع-مصطلح موضوعى
مصطلح موضوعي أو اسم جغرافي كعنصر مدخل Emergency medicine
التقسيم الفرعي الشكلي Handbooks, manuals, etc.
9 (RLIN) 13827
700 1# - المدخل الاضافى - اسم شخصى
الإسم الشخصى Wyatt, Jonathan P.
9 (RLIN) 17605
700 1# - المدخل الاضافى - اسم شخصى
الإسم الشخصى Clancy, Mike.
9 (RLIN) 17606
700 1# - المدخل الاضافى - اسم شخصى
الإسم الشخصى Robertson, Colin
الشكل الأكمل للاسم (Colin Ernest)
9 (RLIN) 17509
830 #0 - المدخل الاضافى بالسلسلة -عنوان موحد
عنوان موحد Oxford medical publications.
9 (RLIN) 17607
830 #0 - المدخل الاضافى بالسلسلة -عنوان موحد
عنوان موحد Oxford handbooks.
9 (RLIN) 5516
942 ## - عناصر المدخل الإضافي( كوها)
مصدر التصنيف او مخطط الترفيف Dewey Decimal Classification
Koha [default] item type كتاب
المقتنيات
حالة الفقد نموذج السعر الفعال حالة تلف ليس للاعارة رقم الطلب رقم النسخة تاريخ الاكتساب الموقع الحالي الباركود الفرع الرئيسي Total Renewals Date last checked out Date last seen مُعار نوع المادة فى نظام كوها مصدر التصنيف او خطة الترفيف Total Checkouts
  2013-03-10     616.025 OXH 1 2012-10-23 المكتبة المركزية بالمجمعة (CL) 00450116 المكتبة المركزية بالمجمعة (CL) 1 2016-02-01 2016-02-01 2016-04-01 كتاب Dewey Decimal Classification 2
  2013-03-10     616.025 OXH 2 2012-10-23 المكتبة المركزية بالمجمعة (CL) 00450109 المكتبة المركزية بالمجمعة (CL) 1 2014-09-09 2016-10-19   كتاب Dewey Decimal Classification 1
  2013-03-10     616.025 OXH 3 2012-10-23 المكتبة المركزية بالمجمعة (CL) 00450117 المكتبة المركزية بالمجمعة (CL) 1 2016-10-30 2016-11-23   كتاب Dewey Decimal Classification 4
  2013-11-03     616.025 OXH   2013-11-03 مكتبة كلية العلوم الطبية التطبيقية بالمجمعة - طالبات (AMF) 00404335 مكتبة كلية العلوم الطبية التطبيقية بالمجمعة - طالبات (AMF)     2013-11-03   كتاب Dewey Decimal Classification  
  2013-11-03     616.025 OXH   2013-11-03 مكتبة كلية العلوم الطبية التطبيقية بالمجمعة - طالبات (AMF) 00404336 مكتبة كلية العلوم الطبية التطبيقية بالمجمعة - طالبات (AMF)     2013-11-03   كتاب Dewey Decimal Classification  
  2013-11-03     616.025 OXH   2013-11-03 مكتبة مجمع الكليات بالزلفى - طلاب (SZM) 00404332 مكتبة مجمع الكليات بالزلفى - طلاب (SZM)   2025-09-16 2025-09-16   كتاب Dewey Decimal Classification 1
  2013-11-03     616.025 OXH   2013-11-03 مكتبة مجمع الكليات بالزلفى - طلاب (SZM) 00404333 مكتبة مجمع الكليات بالزلفى - طلاب (SZM)     2013-11-03   كتاب Dewey Decimal Classification  
  2013-11-03     616.025 OXH   2013-11-03 مكتبة مجمع الكليات بالزلفى - طلاب (SZM) 00404334 مكتبة مجمع الكليات بالزلفى - طلاب (SZM)     2013-11-03   كتاب Dewey Decimal Classification